000 00675nam a2200277Ia 4500
005 20260324145815.0
008 008 260324s9999 xx 000 0 eng d
020 _a9781315695396
037 _aEBOOK
040 _aCRL
040 _beng
040 _cCRL
041 _2eng
041 _aeng
084 _qCRL
100 _aNeil Caplan
_91156777
245 0 _aPalestine Jewry and the Arab Question, 1917-1925 (RLE Israel and Palestine)
260 _bTaylor and Francis
260 _c1978
365 _a
365 _b230
856 _uhttp://www.taylorfrancis.com/books/9781315695396
942 _cEBOOK
999 _c1832675
_d1832675